00997nam a22001457a 450000500170000000800410001702000150005805000150007324500740008826000480016230000350021050000200024550505590026565000270082420210414113947.0120529t xxu||||| |||| 00| 0 eng d a1861523459 aHF5549.H88 aHuman resource management : a critical text. /cedited by John Storey aBoston:bThomson Publishing Company,c1995. avi, 399 p. ;bill. :c23.4 cm. aIncludes index. aContents: Human resource management: still marching on, or marching out? -- HRM rhetoric, reality and hidden agendas -- Corporate strategy and its link with human resource management strategy -- Human resource management, trade unions and industrial relationships -- Accountancy and HRM -- Human resource planning -- Recruitment, selection and assessment -- Training and development -- Reward systems -- Involvement and participation -- HRM: the European dimensions -- HRM: an American view -- International human resource management -- Future prospects. aPersonnel management.